[Event "Ottawa National Capital op"]
[Site "Ottawa"]
[Date "2018.11.18"]
[Round "4"]
[White "Sadeghi, Saeid"]
[Black "Yao, Houji"]
[Result "1-0"]
[WhiteElo "2131"]
[BlackElo "2147"]
[PlyCount "81"]
[EventDate "2018.11.16"]
[EventType "swiss"]
[EventRounds "5"]
[EventCountry "CAN"]
[SourceTitle "EXT 2022"]
[Source "ChessBase"]
[SourceDate "2021.10.06"]
[SourceVersion "1"]
[SourceVersionDate "2021.10.06"]
[SourceQuality "1"]

1. d4 Nf6 2. Bg5 e6 3. Nd2 h6 4. Bh4 c5 5. e3 Nc6 6. Ngf3 d5 7. c3 Bd6 8. Bd3 0-0 9. Rc1 e5 10. dxe5 Nxe5 11. Nxe5 Bxe5 12. Bb1 g5 13. Bg3 Re8 14. 0-0 Bxg3 15. hxg3 b6 16. Nf3 Qe7 17. Bd3 Bb7 18. Re1 Red8 19. Qe2 Rd6 20. Ba6 Re8 21. Bxb7 Qxb7 22. Qc2 Rde6 23. Red1 Qe7 24. a3 Rd8 25. b4 g4 26. Nh2 Re4 27. Qb3 h5 28. c4 d4 29. exd4 Rdxd4 30. Rxd4 Re1+ 31. Rxe1 Qxe1+ 32. Nf1 cxd4 33. Qd3 Qe4 34. Qd2 Kf8 35. c5 Ke7 36. cxb6 axb6 37. a4 Qd5 38. a5 bxa5 39. bxa5 Kd7 40. a6 Kc7 41. Qf4+ 1-0

[Event "Ottawa National Capital op"]
[Site "Ottawa"]
[Date "2017.11.10"]
[Round "1"]
[White "Dukic, Zachary"]
[Black "Sadeghi, Saeid"]
[Result "0-1"]
[WhiteElo "2251"]
[BlackElo "2090"]
[PlyCount "62"]
[EventDate "2017.11.10"]
[EventType "swiss"]
[EventRounds "5"]
[EventCountry "CAN"]
[SourceTitle "EXT 2022"]
[Source "ChessBase"]
[SourceDate "2021.10.06"]
[SourceVersion "1"]
[SourceVersionDate "2021.10.06"]
[SourceQuality "1"]

1. e4 c6 2. d4 d5 3. Nd2 dxe4 4. Nxe4 Bf5 5. Ng3 Bg6 6. h4 h6 7. Nf3 Nd7 8. h5 Bh7 9. Bd3 Bxd3 10. Qxd3 Ngf6 11. Bd2 e6 12. 0-0-0 Qc7 13. Kb1 0-0-0 14. Ne4 Nxe4 15. Qxe4 Nf6 16. Qe1 Bd6 17. c4 Qe7 18. Rh3 c5 19. dxc5 Bxc5 20. b4 Bxb4 21. Ka1 Bxd2 22. Nxd2 Qd6 23. Rh1 Qd4+ 24. Kb1 Rd7 25. Qe2 Qd3+ 26. Qxd3 Rxd3 27. Kc2 Rhd8 28. f3 R3d4 29. g4 Nd7 30. Rhe1 Nb6 31. Kc3 Nxc4 0-1

[Event "Ottawa Eastern Ontario op"]
[Site "Ottawa"]
[Date "2017.06.24"]
[Round "2"]
[White "Yao, Sammy"]
[Black "Sadeghi, Saeid"]
[Result "1/2-1/2"]
[WhiteElo "2083"]
[BlackElo "2098"]
[PlyCount "50"]
[EventDate "2017.06.23"]
[EventType "swiss"]
[EventRounds "5"]
[EventCountry "CAN"]
[SourceTitle "EXT 2022"]
[Source "ChessBase"]
[SourceDate "2021.10.06"]
[SourceVersion "1"]
[SourceVersionDate "2021.10.06"]
[SourceQuality "1"]

1. c4 Nf6 2. g3 c6 3. Bg2 d5 4. Nf3 e6 5. 0-0 Be7 6. d4 Nbd7 7. Nc3 0-0 8. Nd2 dxc4 9. Nxc4 Nb6 10. Ne5 Nfd7 11. Nxd7 Nxd7 12. e4 Nf6 13. e5 Nd5 14. Qg4 f5 15. Qe2 b6 16. Nxd5 cxd5 17. Bd2 a5 18. Rfc1 Ba6 19. Qe3 Qd7 20. Rc3 Rfc8 21. Rac1 Rxc3 22. Rxc3 Rc8 23. Rxc8+ Qxc8 24. Qc3 Qxc3 25. Bxc3 Kf7 1/2-1/2

[Event "Ottawa Eastern Ontario op"]
[Site "Ottawa"]
[Date "2016.06.25"]
[Round "2"]
[White "Sadeghi, Saeid"]
[Black "Cova, Ramon"]
[Result "0-1"]
[WhiteElo "2098"]
[BlackElo "2085"]
[PlyCount "60"]
[EventDate "2016.06.24"]
[EventType "swiss"]
[EventRounds "5"]
[EventCountry "CAN"]
[SourceTitle "EXT 2022"]
[Source "ChessBase"]
[SourceDate "2021.10.06"]
[SourceVersion "1"]
[SourceVersionDate "2021.10.06"]
[SourceQuality "1"]

1. d4 d5 2. c4 c6 3. Nf3 Nf6 4. e3 Bf5 5. Qb3 Qc7 6. cxd5 Nxd5 7. Nc3 e6 8. e4 Nxc3 9. exf5 Nd5 10. fxe6 Bb4+ 11. Bd2 Bxd2+ 12. Nxd2 0-0 13. exf7+ Rxf7 14. 0-0-0 Rxf2 15. Bc4 Nd7 16. Bxd5+ cxd5+ 17. Kb1 Nb6 18. g3 Re8 19. Qd3 Rfe2 20. Rc1 Qd7 21. Rc3 Qh3 22. Rd1 Qxh2 23. b3 Qf2 24. g4 Qf4 25. Rh1 Re1+ 26. Rxe1 Rxe1+ 27. Kb2 Rd1 28. Kc2 Rg1 29. a4 Qxg4 30. a5 Qd1+ 0-1

[Event "Gatineau Outaouais op"]
[Site "Gatineau"]
[Date "2016.06.04"]
[Round "2"]
[White "Vettese, Nicholas"]
[Black "Sadeghi, Saeid"]
[Result "1-0"]
[WhiteElo "2275"]
[BlackElo "2169"]
[PlyCount "113"]
[EventDate "2016.06.03"]
[EventType "swiss"]
[EventRounds "5"]
[EventCountry "CAN"]
[SourceTitle "EXT 2022"]
[Source "ChessBase"]
[SourceDate "2021.10.06"]
[SourceVersion "1"]
[SourceVersionDate "2021.10.06"]
[SourceQuality "1"]

1. e4 c5 2. Nf3 e6 3. d4 cxd4 4. Nxd4 Nc6 5. c4 Qc7 6. Nc3 a6 7. Be3 Nf6 8. Rc1 Bb4 9. f3 d5 10. cxd5 exd5 11. Nxc6 bxc6 12. Bd4 dxe4 13. Bxf6 gxf6 14. Qd4 Bxc3+ 15. Qxc3 exf3 16. Qxf3 0-0 17. Be2 Re8 18. 0-0 Qa7+ 19. Kh1 Re3 20. Qh5 Re5 21. Qf3 Re3 22. Qf2 Qe7 23. Bf3 Bb7 24. Bxc6 Bxc6 25. Rxc6 Re6 26. Qg3+ Kf8 27. Rc7 Qd6 28. Qc3 Rae8 29. h3 R8e7 30. Rxe7 Qxe7 31. b3 Re2 32. a4 Qe4 33. Qf3 Qxf3 34. Rxf3 Ke7 35. Rd3 Rb2 36. Kh2 Ke6 37. Kg3 Ke5 38. Kf3 f5 39. g3 Rb1 40. h4 Rf1+ 41. Ke2 Rb1 42. Ke3 Re1+ 43. Kd2 Rg1 44. b4 Ra1 45. a5 f4 46. gxf4+ Kxf4 47. Rd6 f5 48. Rxa6 Kg3 49. b5 f4 50. b6 Rb1 51. Ra7 Rb2+ 52. Kc3 Rb1 53. Rd7 Kh3 54. Rf7 Kg3 55. b7 f3 56. a6 f2 57. Rf8 1-0

[Event "Ottawa RA Winter op"]
[Site "Ottawa"]
[Date "2016.01.09"]
[Round "4"]
[White "Sadeghi, Saeid"]
[Black "Sambuev, Bator"]
[Result "0-1"]
[WhiteElo "2098"]
[BlackElo "2599"]
[PlyCount "40"]
[EventDate "2016.01.08"]
[EventType "swiss"]
[EventRounds "5"]
[EventCountry "CAN"]
[SourceTitle "EXT 2022"]
[Source "ChessBase"]
[SourceDate "2021.10.06"]
[SourceVersion "1"]
[SourceVersionDate "2021.10.06"]
[SourceQuality "1"]

1. d4 Nf6 2. Bg5 Ne4 3. Bf4 c5 4. d5 Qb6 5. Qc1 e6 6. f3 Nf6 7. dxe6 fxe6 8. e4 Be7 9. Bd3 0-0 10. Ne2 Nc6 11. c3 Nh5 12. Be3 Bh4+ 13. Kf1 Ne5 14. Bc2 d5 15. b4 Qa6 16. Bxc5 Bd7 17. a4 Nxf3 18. b5 Nd4+ 19. Bxf8 Rxf8+ 20. Kg1 Nxe2# 0-1

[Event "RA November op"]
[Site "Ottawa"]
[Date "2015.11.27"]
[Round "1"]
[White "Sadeghi, Saeid"]
[Black "Davies, Alex"]
[Result "1/2-1/2"]
[WhiteElo "2098"]
[BlackElo "2196"]
[PlyCount "127"]
[EventDate "2015.11.27"]
[EventType "swiss"]
[EventRounds "5"]
[EventCountry "CAN"]
[SourceTitle "EXT 2019"]
[Source "ChessBase"]
[SourceDate "2018.10.10"]
[SourceVersion "1"]
[SourceVersionDate "2018.10.10"]
[SourceQuality "1"]

1. d4 Nf6 2. Bg5 e6 3. Nd2 h6 4. Bh4 d5 5. e3 Be7 6. Ngf3 0-0 7. Bd3 c5 8. c3 Nbd7 9. 0-0 Re8 10. Ne5 Qb6 11. Rb1 Nxe5 12. dxe5 Nd7 13. Bg3 Nf8 14. Bc2 Bd7 15. Qg4 Bb5 16. Rfe1 Qa6 17. Bf4 Bd3 18. Bxd3 Qxd3 19. e4 Ng6 20. Rbd1 h5 21. Qg3 Qxg3 22. hxg3 Rad8 23. exd5 Rxd5 24. Nf3 Red8 25. Rxd5 Rxd5 26. Kf1 Kf8 27. Ke2 c4 28. Rd1 Rxd1 29. Kxd1 Bc5 30. Ke2 b5 31. Be3 Bb6 32. Bxb6 axb6 33. Ke3 Ke7 34. Ke4 f5+ 35. exf6+ gxf6 36. Nd4 Ne5 37. b4 cxb3 38. axb3 Ng4 39. f3 f5+ 40. Kd3 Ne5+ 41. Ke3 b4 42. cxb4 Kd6 43. Ne2 Ng6 44. Nd4 h4 45. g4 fxg4 46. fxg4 Ke5 47. Nf3+ Kd5 48. Nd4 Ne5 49. g5 Ng4+ 50. Kf4 e5+ 51. Kxg4 exd4 52. g6 Ke6 53. g7 Kf7 54. g8Q+ Kxg8 55. Kf4 Kf7 56. Ke4 Ke6 57. Kxd4 Kf5 58. Ke3 Kg4 59. Kf2 b5 60. Kf1 Kf4 61. Kf2 Kg4 62. Kg1 Kg3 63. Kf1 Kg4 64. Kf2 1/2-1/2

[Event "RA Winter op"]
[Site "Ottawa"]
[Date "2015.01.17"]
[Round "3"]
[White "Pomerantz, Daniel"]
[Black "Sadeghi, Saeid"]
[Result "1-0"]
[WhiteElo "1965"]
[BlackElo "2146"]
[PlyCount "33"]
[EventDate "2015.01.16"]
[EventType "swiss"]
[EventRounds "5"]
[EventCountry "CAN"]
[SourceTitle "EXT 2019"]
[Source "ChessBase"]
[SourceDate "2018.10.10"]
[SourceVersion "1"]
[SourceVersionDate "2018.10.10"]
[SourceQuality "1"]

1. e4 c5 2. Nf3 e6 3. d4 cxd4 4. Nxd4 Nc6 5. Nc3 Qc7 6. g3 a6 7. Bg2 Nf6 8. 0-0 Rb8 9. a4 Be7 10. Nxc6 bxc6 11. e5 Nd5 12. Ne4 f5 13. Nd6+ Bxd6 14. exd6 Qd8 15. Bxd5 cxd5 16. Qh5+ Kf8 17. Bg5 1-0

[Event "Gatineau TORO"]
[Site "Gatineau"]
[Date "2013.06.08"]
[Round "3"]
[White "Zhou, Qiyu"]
[Black "Sadeghi, Saeid"]
[Result "1/2-1/2"]
[WhiteElo "2008"]
[BlackElo "2018"]
[PlyCount "123"]
[EventDate "2013.06.07"]
[EventType "swiss"]
[EventRounds "5"]
[EventCountry "CAN"]
[SourceTitle "EXT 2022"]
[Source "ChessBase"]
[SourceDate "2021.10.06"]
[SourceVersion "1"]
[SourceVersionDate "2021.10.06"]
[SourceQuality "1"]

1. e4 c6 2. d4 d5 3. e5 Bf5 4. Nf3 e6 5. Be2 c5 6. 0-0 cxd4 7. Nxd4 Bg6 8. c4 Ne7 9. Nc3 Nec6 10. cxd5 exd5 11. Kh1 Be7 12. f4 Be4 13. Bf3 Nxd4 14. Qxd4 Nc6 15. Qd1 Bxf3 16. Qxf3 d4 17. Ne4 Qd7 18. Qg3 Rg8 19. Bd2 0-0-0 20. Rfc1 Qd5 21. Qf3 Kb8 22. a3 f6 23. exf6 gxf6 24. f5 Ne5 25. Bf4 Ka8 26. Bxe5 Qxe5 27. b4 Bd6 28. Nxd6 Qxd6 29. Rc5 d3 30. Rd1 Rge8 31. h3 d2 32. Qf2 Qd3 33. Rxd2 Qxa3 34. Ra2 Qe3 35. Qxe3 Rxe3 36. Rca5 Rd6 37. Rxa7+ Kb8 38. Ra8+ Kc7 39. Rh8 Re7 40. Kh2 Kb6 41. Rg8 Kb5 42. Rg4 Rd5 43. Kg3 b6 44. Rf4 Rd3+ 45. Kh4 Rb3 46. Rd2 Rxb4 47. Rxb4+ Kxb4 48. Rd6 Kc5 49. Rxf6 b5 50. Rf8 Rb7 51. f6 Kd6 52. g4 b4 53. Rd8+ Ke6 54. g5 b3 55. Rd1 b2 56. Rb1 Kf7 57. Kg3 Kg6 58. h4 h6 59. gxh6 Kxf6 60. h7 Kg7 61. Kf3 Kxh7 62. Ke3 1/2-1/2

[Event "Ottawa National Capital op"]
[Site "Ottawa"]
[Date "2012.10.20"]
[Round "2"]
[White "Sadeghi, Saeid"]
[Black "Plotkin, Victor"]
[Result "0-1"]
[WhiteElo "2002"]
[BlackElo "2335"]
[PlyCount "104"]
[EventDate "2012.10.19"]
[EventType "swiss"]
[EventRounds "5"]
[EventCountry "CAN"]
[SourceTitle "EXT 2022"]
[Source "ChessBase"]
[SourceDate "2021.10.06"]
[SourceVersion "1"]
[SourceVersionDate "2021.10.06"]
[SourceQuality "1"]

1. d4 d5 2. c4 dxc4 3. e3 Nf6 4. Nf3 e6 5. Bxc4 a6 6. 0-0 c5 7. dxc5 Qxd1 8. Rxd1 Bxc5 9. Nc3 Nc6 10. a3 b5 11. Be2 Bb7 12. b4 Be7 13. Bb2 0-0 14. Rac1 Rfd8 15. Rxd8+ Rxd8 16. Rd1 Rxd1+ 17. Bxd1 Na7 18. Ne5 Nc8 19. Bf3 Bxf3 20. Nxf3 Nb6 21. Nd2 Ne8 22. Nce4 Nd6 23. Nxd6 Bxd6 24. Kf1 f5 25. Nb3 Nc4 26. Bc1 Kf7 27. Ke2 e5 28. Nd2 Nxd2 29. Bxd2 Ke6 30. h3 e4 31. Bc3 g6 32. Kd2 Kd5 33. Kc2 Kc4 34. Bd2 Be7 35. Bc3 Bh4 36. g3 Be7 37. h4 h5 38. Be5 g5 39. hxg5 Bxg5 40. Bc3 h4 41. gxh4 Bxh4 42. Be1 f4 43. Kd2 f3 44. Kc2 Bf6 45. Bd2 Bb2 46. Kxb2 Kd3 47. Kc1 Ke2 48. Kc2 Kxf2 49. Kd1 Kg2 50. Be1 f2 51. Bxf2 Kxf2 52. Kd2 Kf3 0-1

[Event "Ontario op"]
[Site "Ottawa"]
[Date "2009.05.18"]
[Round "5"]
[White "Sadeghi, Saeid"]
[Black "Sambuev, Bator"]
[Result "0-1"]
[WhiteElo "2067"]
[BlackElo "2622"]
[PlyCount "40"]
[EventDate "2009.05.16"]
[EventType "swiss"]
[EventRounds "6"]
[EventCountry "CAN"]
[SourceTitle "EXT 2011"]
[Source "ChessBase"]
[SourceDate "2010.11.26"]
[SourceVersion "1"]
[SourceVersionDate "2010.11.26"]
[SourceQuality "1"]

1. d4 Nf6 2. c4 g6 3. Nc3 Bg7 4. e4 d6 5. f3 0-0 6. Bg5 c5 7. d5 h6 8. Be3 e6 9. Qd2 exd5 10. Nxd5 Nxd5 11. cxd5 f5 12. 0-0-0 g5 13. exf5 Bxf5 14. Bd3 Bxd3 15. Qxd3 Na6 16. Qd2 Qf6 17. h4 Nb4 18. hxg5 hxg5 19. Bxg5 Qf5 20. b3 Qe5 0-1

[Event "Ontario op"]
[Site "Ottawa"]
[Date "2009.05.17"]
[Round "4"]
[White "Gordon, David"]
[Black "Sadeghi, Saeid"]
[Result "0-1"]
[WhiteElo "2248"]
[BlackElo "2067"]
[PlyCount "70"]
[EventDate "2009.05.16"]
[EventType "swiss"]
[EventRounds "6"]
[EventCountry "CAN"]
[SourceTitle "EXT 2011"]
[Source "ChessBase"]
[SourceDate "2010.11.26"]
[SourceVersion "1"]
[SourceVersionDate "2010.11.26"]
[SourceQuality "1"]

1. d4 Nf6 2. Bg5 e6 3. Nd2 h6 4. Bh4 d5 5. e3 Be7 6. Bd3 b6 7. Qe2 Bb7 8. c3 Nbd7 9. f4 Ne4 10. Bxe7 Qxe7 11. Ngf3 Ndf6 12. Ne5 a6 13. a4 Nxd2 14. Qxd2 Ne4 15. Bxe4 dxe4 16. a5 b5 17. 0-0 g6 18. c4 bxc4 19. Rfc1 Bd5 20. Nxc4 0-0 21. Ne5 Rfc8 22. Rc5 Rab8 23. b4 c6 24. Rac1 Qe8 25. Qc3 Rb7 26. Kf2 Rcb8 27. Nxc6 Bxc6 28. Rxc6 Rxb4 29. Rxa6 Qb5 30. Ra7 Rb2+ 31. Rc2 Qd3 32. Rc7 R8b3 33. Qxb2 Qxe3+ 34. Kf1 Rxb2 35. Rxb2 Qxf4+ 0-1

[Event "Fajr op 14th"]
[Site "Tehran"]
[Date "2006.01.25"]
[Round "2"]
[White "Sadeghi, Saeid"]
[Black "Abbasifar, Hasan"]
[Result "1/2-1/2"]
[WhiteElo "2134"]
[BlackElo "2353"]
[PlyCount "103"]
[EventDate "2006.01.24"]
[EventType "swiss"]
[EventRounds "9"]
[EventCountry "IRI"]
[SourceTitle "CBM 110 Extra"]
[Source "ChessBase"]
[SourceDate "2006.03.10"]
[SourceVersion "2"]
[SourceVersionDate "2006.03.10"]
[SourceQuality "1"]

1. e4 c5 2. Nc3 Nc6 3. Bb5 g6 4. Bxc6 bxc6 5. d3 Bg7 6. Be3 Rb8 7. Qc1 Qa5 8. Nge2 Nf6 9. 0-0 0-0 10. a3 Ng4 11. Bg5 Qc7 12. f4 f6 13. Bh4 e6 14. h3 Nh6 15. Bf2 d6 16. Rb1 Nf7 17. g4 Ba6 18. Qe3 Ra8 19. Ng3 c4 20. d4 Bh6 21. Qf3 Bb7 22. h4 Rae8 23. f5 d5 24. fxg6 hxg6 25. Qxf6 Nh8 26. Qe5 Qd8 27. Nge2 Rf3 28. Bg3 Re3 29. g5 Bg7 30. Qf4 Rxg3+ 31. Qxg3 c5 32. e5 cxd4 33. Nxd4 Qb6 34. Nce2 Nf7 35. c3 Nxe5 36. Nf4 Nc6 37. Nxg6 Nxd4 38. cxd4 Qxd4+ 39. Qf2 Qg4+ 40. Kh2 d4 41. Qf7+ Kh7 42. Qxb7 Qe2+ 43. Kh3 Qd3+ 44. Kg2 Qxg6 45. Qf7 Qe4+ 46. Kg3 Rb8 47. Qh5+ Kg8 48. Qf7+ Kh7 49. Qh5+ Kg8 50. Qf7+ Kh7 51. Qh5+ Kg8 52. Qf7+ 1/2-1/2

[Event "Asia-ch U18"]
[Site "Tehran"]
[Date "2004.04.05"]
[Round "3"]
[White "Sadeghi, Saeid"]
[Black "Soozankar, Amir Mohammad"]
[Result "0-1"]
[WhiteElo "2164"]
[BlackElo "2218"]
[PlyCount "54"]
[EventDate "2004.04.03"]
[EventType "swiss"]
[EventRounds "9"]
[EventCountry "IRI"]
[SourceTitle "CBM 099 Extra"]
[Source "ChessBase"]
[SourceDate "2004.05.04"]
[SourceVersion "1"]
[SourceVersionDate "2004.05.04"]
[SourceQuality "1"]

1. e4 c5 2. Nc3 d6 3. f4 g6 4. Nf3 Bg7 5. Bc4 Nc6 6. 0-0 e6 7. d3 Nge7 8. Qe1 Nd4 9. Nxd4 cxd4 10. Ne2 0-0 11. Bb3 Bd7 12. Qb4 Qb6 13. Bd2 Qxb4 14. Bxb4 Nc8 15. e5 a5 16. Ba3 a4 17. Bc4 b5 18. Bxb5 Bxb5 19. Nxd4 Bd7 20. Nf3 Rd8 21. exd6 Be8 22. d4 Nxd6 23. Bxd6 Rxd6 24. c3 Rb6 25. Rf2 Rab8 26. Rb1 Bc6 27. Nd2 Rxb2 0-1